PRANAYAM VIGYAN (Record no. 7984)
[ view plain ]
| 000 -LEADER | |
|---|---|
| fixed length control field | 00292nam a2200121Ia 4500 |
| 082 ## - DEWEY DECIMAL CLASSIFICATION NUMBER | |
| Classification number | 615.535 |
| Item number | P 00 B |
| 100 ## - MAIN ENTRY--PERSONAL NAME | |
| Personal name | BHARTIYA YOGA PUB |
| 245 ## - TITLE STATEMENT | |
| Title | PRANAYAM VIGYAN |
| 260 ## - PUBLICATION, DISTRIBUTION, ETC. (IMPRINT) | |
| Name of publisher, distributor, etc | BHARTIYA YOGA PUB. |
| Year of Publication | 2000 |
| 300 ## - PAGE DESCRIPTION | |
| No. of Pages | 120 |
| 942 ## - ADDED ENTRY ELEMENTS (KOHA) | |
| Source of classification or shelving scheme | Dewey Decimal Classification |
| Koha item type | Books |
| 942 ## - ADDED ENTRY ELEMENTS (KOHA) | |
| -- | 1 |
| Withdrawn status | Lost status | Source of classification or shelving scheme | Damaged status | Not for loan | Collection code | Home library | Current library | Date acquired | Vendor Name | Cost, normal purchase price | SGTU | Bill Number | Total Checkouts | Full call number | Accession No. (Barcode) | Date last seen | Date last borrowed | Bill Date | Koha item type |
|---|---|---|---|---|---|---|---|---|---|---|---|---|---|---|---|---|---|---|---|
| Dewey Decimal Classification | AYURVEDA | SGT FA-FP Library | SGT FA-FP Library | 14/09/2015 | ABC DELHI | 80.00 | SGTU | 5700 | 1 | 615.535 P 00 B | FA2486 | 21/04/2025 | 21/04/2025 | 31/03/2015 | Books | ||||
| Dewey Decimal Classification | AYURVEDA | SGT FA-FP Library | SGT FA-FP Library | 14/09/2015 | ABC DELHI | 80.00 | SGTU | 5701 | 615.535 P 00 B | FA2487 | 08/10/2018 | 31/03/2015 | Books | ||||||
| Dewey Decimal Classification | AYURVEDA | SGT FA-FP Library | SGT FA-FP Library | 14/09/2015 | ABC DELHI | 80.00 | SGTU | 5702 | 2 | 615.535 P 00 B | FA2488 | 25/03/2022 | 25/03/2022 | 31/03/2015 | Books |